000 01112cam a2200325 a 4500
001 1356410
003 SISC
005 20160317130518.0
008 980402s1985 wiuab 001 0 eng d
010 _a 80068894
020 _a0686276930
035 _a(OCoLC)12231723
040 _aCRiv
_cCRiv
_dOrMaC
_dDLC
042 _alccopycat
050 0 0 _aPE 1112
_b.Se363 1977
082 0 0 _aHS 808.042
_bSe2 1985
100 1 _aSebranek, Patrick.
_913483
245 1 0 _aBasic English revisited :
_ba student handbook /
_cwritten and compiled by Patrick Sebranek, Verne Meyer ; illustrations by Chris Krenzke.
250 _a5th ed.
260 _aBurlington, Wis. :
_bBasic English Revisited,
_cc1977.
300 _a218 p. :
_bill. (some col.) ;
_c23 cm.
500 _aIncludes index.
650 0 _aEnglish language
_xGrammar.
_913484
650 0 _aEnglish language
_xComposition and exercises.
_913485
700 1 _aMeyer, Verne.
_913486
906 _a7
_bcbc
_ccopycat
_d2
_eopcn
_f19
_gy-gencatlg
942 _2lcc
_cBK
999 _c9401
_d9401